A Practitioner’s Handbook for Real-Time Analysis : Guide to Rate Monotonic Analysis for Real-Time Systems /
Obra de referencia sobre una serie técnicas matemáticas para entender, analizar y predecir el comportamiento temporal de muchos sistemas de tiempo real, llamada RMA (Rate Monotonic Analysis).
保存先:
| その他の著者: | |
|---|---|
| フォーマット: | 図書 |
| 言語: | 英語 |
| 出版事項: |
Boston, EUA :
Kluwer : Carnegie Mellon University, Software Engineering Institute,
2004, c1993
|
| シリーズ: | (The Kluwer International Series in Engineering and Computer Science ;
230) (Real-Time Handbook Series) |
| 主題: | |
| タグ: |
タグなし, このレコードへの初めてのタグを付けませんか!
|
MARC
| LEADER | 00000nam^a2200000^a^4500 | ||
|---|---|---|---|
| 001 | 000187088 | ||
| 005 | 20250521000000.0 | ||
| 009 | 20260310102247.721 | ||
| 020 | |a 0-7923-9361-9 | ||
| 037 | |a Acervo ITESO - Biblioteca | ||
| 041 | |a ING | ||
| 082 | |a 005. 273 |b PRA | ||
| 245 | 0 | 2 | |a A Practitioner’s Handbook for Real-Time Analysis : |b Guide to Rate Monotonic Analysis for Real-Time Systems / |c M.H. Klein... [et al.] |
| 264 | 4 | |a Boston, EUA : |b Kluwer : |b Carnegie Mellon University, Software Engineering Institute, |c 2004, c1993 | |
| 300 | |a 1 v. (varias paginaciones) | ||
| 336 | |a texto |b txt |2 rdacontenido | ||
| 337 | |a sin mediación |b n |2 rdamedio | ||
| 338 | |a volumen |b nc |2 rdasoporte | ||
| 440 | 5 | |a (The Kluwer International Series in Engineering and Computer Science ; |v 230) | |
| 440 | 1 | |a (Real-Time Handbook Series) | |
| 520 | |a Obra de referencia sobre una serie técnicas matemáticas para entender, analizar y predecir el comportamiento temporal de muchos sistemas de tiempo real, llamada RMA (Rate Monotonic Analysis). | ||
| 649 | |a XX | ||
| 650 | |a Sistemas en Tiempo Real | ||
| 650 | |a Proceso Electrónico de Datos | ||
| 650 | |a Proceso de Datos | ||
| 650 | |a Análisis de Sistemas | ||
| 650 | |a Desarrollo de Sistemas | ||
| 650 | |a Sistemas Computacionales | ||
| 650 | |a Ingeniería Electrónica | ||
| 700 | |a Klein, Mark H. |e (autor) | ||
| 910 | |a Fondo General | ||
| 920 | |a Impresos - Libros | ||
| 930 | |a Colección General | ||
| 905 | |a 101 | ||
| 901 | |a 0500128954 |b IT1 |c ACC |u 20250521 | ||
| 902 | |a https://opac.biblio.iteso.mx/vufind/Record/000187088 | ||